000 00331nam a2200133Ia 4500
008 220120s9999||||xx |||||||||||||| ||und||
082 _a620.106 KUN
100 _aKundu, Pijush K and others
245 0 _aFluid Mechanics
250 _a5th
260 _aPearson
_bNew Delhi
_c2012
300 _a534p
_b0
650 _aCOMPUTER SCIENCE
999 _c132634
_d132634